| 000 | 00888nam a2200229 i 4500 | ||
|---|---|---|---|
| 001 | 110739 | ||
| 003 | ES-MaACL | ||
| 005 | 20250930063111.0 | ||
| 007 | t| | ||
| 008 | 070124s1931 sp ||||1| spa d | ||
| 080 | _a347.155 | ||
| 100 | 1 |
_aAramburo y Machado, Mariano, _d1870-1942 _922220 |
|
| 245 | 1 | 3 |
_aLa capacidad civil _b: estudio de las causas que la determinan, modifican y extinguen, según la filosofia del derecho, la historia de la legislación y el derecho vigente en España / _cMariano Aramburo. |
| 250 | _a2ª ed. | ||
| 260 |
_aMadrid : _bReus, _c1931. |
||
| 300 |
_aXX, 466 p. ; _c23 cm. |
||
| 490 | 1 |
_aBiblioteca jurídica de autores españoles y extranjeros ; _v157 |
|
| 650 | 4 |
_aCapacidad legal. _910757 |
|
| 830 | 1 |
_aBiblioteca jurídica de autores españoles y extranjeros ; _v157 _9182228 |
|
| 852 |
_aES-MaACL _jE-3132 |
||
| 999 |
_c110739 _d110739 |
||